000
00235nam a2200097Ia 4500
008
231212s1986 xx 000 0 und d
041
_a
eng
100
_a
Williams R.B.
245
_a
The Mannual DBase III
260
_a
Delhi
_b
America
_c
1986
999
_c
960524
_d
960524